Quinta do Anjo, capital da "ovelharia" entre Tejo e Sado (Registo nº 199670)

Detalhes MARC
000 -Etiqueta do registo
Valores 00616nam a2200169 4500
100 ## - Dados gerais de processamento
Dados gerais 20251219 pory50
200 ## - Titulo e menção de responsabilidade
Título próprio Quinta do Anjo, capital da "ovelharia" entre Tejo e Sado
Primeira menção de responsabilidade A. de Matos Fortuna
210 ## - Publicação
Local de publicação Palmela
Nome do editor Câmara Municipal de Palmela
Data de publicação 1988
215 ## - Descrição física 
Paginação / Volumes 54, [2] p.
Outras indicações físicas brochado
Dimensões 21 cm
606 ## - Nome comum usado como assunto
ID Autoridade 2051
Palavra de ordem Antropologia Cultural. Etnologia. Etnografia. Usos e Costumes. Tradições. Modo de vida. Folclore
675 ## - CDU
Notação 39
Edição PT
Língua por
700 ## - Autor principal (pessoa individual)
ID Autoridade 15472
Apelido Fortuna
Nome António Antunes de Matos
Datas 1930-2008
801 ## - Fonte de origem
País PT
Agência BMMN
Regras de catalogação RPC
830 ## - Notas gerais do catalogador
Criado por Vanda
990 ## - Elementos KOHA
Tipo de documento Livro
Exemplares
Situação do levantamento Biblioteca de origem Código de barras Cota Permissão de empréstimo Tipo de documento Forma de aquisição
  Biblioteca Municipal de Montemor-o-Novo 28609 39 FOR|DEP   Livro Oferta

Powered by Koha